<?xml version="1.0" encoding="UTF-8"?>
<collection xmlns="http://www.loc.gov/MARC21/slim">
 <record>
  <leader>02187nam a22002537a 4500</leader>
  <controlfield tag="001">NCT_49465</controlfield>
  <controlfield tag="008">180912b        xxu||||| |||| 00| 0 vie d</controlfield>
  <datafield tag="999" ind1=" " ind2=" ">
   <subfield code="c">2365</subfield>
   <subfield code="d">2365</subfield>
  </datafield>
  <datafield tag="020" ind1=" " ind2=" ">
   <subfield code="a">9786048220426</subfield>
   <subfield code="c">136000</subfield>
  </datafield>
  <datafield tag="082" ind1="0" ind2="4">
   <subfield code="2">23rd ed.</subfield>
   <subfield code="a">624.151</subfield>
   <subfield code="b">Gi104</subfield>
  </datafield>
  <datafield tag="100" ind1="1" ind2=" ">
   <subfield code="a">Trần Thanh Giám</subfield>
  </datafield>
  <datafield tag="245" ind1="1" ind2="0">
   <subfield code="a">Địa chất kỹ thuật ứng dụng</subfield>
   <subfield code="c">Trần Thanh Giám, Nguyễn Công Giang</subfield>
  </datafield>
  <datafield tag="260" ind1=" " ind2=" ">
   <subfield code="a">H.</subfield>
   <subfield code="b">Xây dựng</subfield>
   <subfield code="c">2017</subfield>
  </datafield>
  <datafield tag="300" ind1=" " ind2=" ">
   <subfield code="a">269tr.</subfield>
   <subfield code="b">minh họa</subfield>
   <subfield code="c">27cm</subfield>
  </datafield>
  <datafield tag="520" ind1="3" ind2=" ">
   <subfield code="a">Nội dung tài liệu trình bày gọn và chi tiết những ứng dụng của địa kỹ thuật vào trong công trình xây dựng được dặt trên lớp vỏ ngoià cùng của trái đất. Lo[pứ vỏ này được cấu tạo bỏi nhiều loại đất đá khác nhau về thành phần vật chất, trạng thái phân bố và tính chất cơ và tính chất cơ- vật lý và cách sắp xếp chúng trong tự nhiên có ảnh hưởng lớn đến kết cấu, tính năng xây dựng công trình,liên quan đến giải pháp thiết kế, phương pháp thi công công trình xây dựng.</subfield>
  </datafield>
  <datafield tag="653" ind1=" " ind2=" ">
   <subfield code="a">Kỹ thuật Công trình Xây dựng</subfield>
  </datafield>
  <datafield tag="700" ind1="1" ind2=" ">
   <subfield code="a">Nguyễn Công Giang</subfield>
  </datafield>
  <datafield tag="942" ind1=" " ind2=" ">
   <subfield code="2">ddc</subfield>
   <subfield code="c">BK</subfield>
  </datafield>
  <datafield tag="952" ind1=" " ind2=" ">
   <subfield code="0">0</subfield>
   <subfield code="1">0</subfield>
   <subfield code="2">ddc</subfield>
   <subfield code="4">0</subfield>
   <subfield code="6">624_151000000000000_GI104</subfield>
   <subfield code="7">0</subfield>
   <subfield code="9">13662</subfield>
   <subfield code="a">000001</subfield>
   <subfield code="b">000001</subfield>
   <subfield code="d">2018-09-12</subfield>
   <subfield code="o">624.151 Gi104</subfield>
   <subfield code="p">MD.12803</subfield>
   <subfield code="r">2018-09-12</subfield>
   <subfield code="v">136000.00</subfield>
   <subfield code="w">2018-09-12</subfield>
   <subfield code="y">BK</subfield>
  </datafield>
  <datafield tag="952" ind1=" " ind2=" ">
   <subfield code="0">0</subfield>
   <subfield code="1">0</subfield>
   <subfield code="2">ddc</subfield>
   <subfield code="4">0</subfield>
   <subfield code="6">624_151000000000000_GI104</subfield>
   <subfield code="7">0</subfield>
   <subfield code="9">13663</subfield>
   <subfield code="a">000001</subfield>
   <subfield code="b">000001</subfield>
   <subfield code="d">2018-09-12</subfield>
   <subfield code="o">624.151 Gi104</subfield>
   <subfield code="p">MD.12804</subfield>
   <subfield code="r">2018-09-12</subfield>
   <subfield code="v">136000.00</subfield>
   <subfield code="w">2018-09-12</subfield>
   <subfield code="y">BK</subfield>
  </datafield>
  <datafield tag="952" ind1=" " ind2=" ">
   <subfield code="0">0</subfield>
   <subfield code="1">0</subfield>
   <subfield code="2">ddc</subfield>
   <subfield code="4">0</subfield>
   <subfield code="6">624_151000000000000_GI104</subfield>
   <subfield code="7">0</subfield>
   <subfield code="9">13664</subfield>
   <subfield code="a">000001</subfield>
   <subfield code="b">000001</subfield>
   <subfield code="d">2018-09-12</subfield>
   <subfield code="o">624.151 Gi104</subfield>
   <subfield code="p">MD.12805</subfield>
   <subfield code="r">2018-09-12</subfield>
   <subfield code="v">136000.00</subfield>
   <subfield code="w">2018-09-12</subfield>
   <subfield code="y">BK</subfield>
  </datafield>
  <datafield tag="952" ind1=" " ind2=" ">
   <subfield code="0">0</subfield>
   <subfield code="1">0</subfield>
   <subfield code="2">ddc</subfield>
   <subfield code="4">0</subfield>
   <subfield code="6">624_151000000000000_GI104</subfield>
   <subfield code="7">0</subfield>
   <subfield code="9">13665</subfield>
   <subfield code="a">000001</subfield>
   <subfield code="b">000001</subfield>
   <subfield code="d">2018-09-12</subfield>
   <subfield code="o">624.151 Gi104</subfield>
   <subfield code="p">MD.12806</subfield>
   <subfield code="r">2018-09-12</subfield>
   <subfield code="v">136000.00</subfield>
   <subfield code="w">2018-09-12</subfield>
   <subfield code="y">BK</subfield>
  </datafield>
  <datafield tag="952" ind1=" " ind2=" ">
   <subfield code="0">0</subfield>
   <subfield code="1">0</subfield>
   <subfield code="2">ddc</subfield>
   <subfield code="4">0</subfield>
   <subfield code="6">624_151000000000000_GI104</subfield>
   <subfield code="7">0</subfield>
   <subfield code="9">13666</subfield>
   <subfield code="a">000001</subfield>
   <subfield code="b">000001</subfield>
   <subfield code="d">2018-09-12</subfield>
   <subfield code="o">624.151 Gi104</subfield>
   <subfield code="p">MD.12807</subfield>
   <subfield code="r">2018-09-12</subfield>
   <subfield code="v">136000.00</subfield>
   <subfield code="w">2018-09-12</subfield>
   <subfield code="y">BK</subfield>
  </datafield>
  <datafield tag="980" ind1=" " ind2=" ">
   <subfield code="a">Thư viện Trường Đại học Nam Cần Thơ</subfield>
  </datafield>
 </record>
</collection>
